| 000 | 01163nam a2200193Ia 4500 | ||
|---|---|---|---|
| 003 | Ost | ||
| 005 | 20260507075053.0 | ||
| 008 | 260507s9999||||xx |||||||||||||| ||und|| | ||
| 040 | _cfsecg | ||
| 041 | _aara | ||
| 082 | _a332.75 | ||
| 100 |
_aأبو العيد، الياس _eمؤلف |
||
| 245 | 0 |
_aالإفلاس / _c الياس أبو العيد |
|
| 260 |
_aبيروت: _b[دون ناشر], _c1998 |
||
| 300 |
_a496 صفحة؛ _bإيضاحات ؛ _c25 سم |
||
| 520 | _aتطبيق قوانين الافلاس من حيث الزمان، شهر الافلاس، الشروط الموضوعية لشهر الافلاس، توفر صفة التاجر: تجار الأفراد الشركات، التوقف عن الدفع: تعريفه وتميزه عن عدم الملاءة أو الاعسار والضائعة المالية المؤقتة، شروط تحقق حالة التوقف عن الدفع لدى التجار الأفراد، توقف المصارف عن الدفع، اثباث التوقف عن الدفع، الافلاس بعد اعتزال التجارة، الافلاس بعد الوفاة | ||
| 653 | _aالإفلاس | ||
| 942 | _cكتاب | ||
| 999 |
_c42697 _d42697 |
||